[Event "AUTO-MASTER-2778"]
[Site "http://www.queenalice.com/game.php?id=1547082"]
[Date "2018.10.25"]
[Round "1"]
[White "Wefferson44"]
[Black "rmvwoods"]
[Result "1-0"]
[WhiteElo "1982"]
[BlackElo "2116"]

1. e4 c5 2. Nf3 d6 3. Nc3 Nf6 4. Bc4 Bg4 5. d3 Nbd7 6. Be3 g6 7. h3 Bxf3 8. Qxf3
Ne5 9. Qg3 Nh5 10. Qh2 Bg7 11. Bb3 O-O 12. f4 Nc6 13. g4 Bxc3+ 14. bxc3 Ng7 15.
h4 Qa5 16. Bd2 b5 17. h5 e6 18. hxg6 fxg6 19. f5 Kf7 20. Qh6 c4 21. dxc4 bxc4
22. fxe6+ Nxe6 23. Qxh7+ Ke8 24. Qxg6+ Kd7 25. Bxc4 Qe5 26. O-O-O Ne7 27. Qh6
Rf6 28. Qe3 a5 29. Rh5 Qf4 30. Qb6 Qxe4 31. Bxe6+ Rxe6 32. Re1 1-0

[Event "AUTO-ADV-4052"]
[Site "http://www.queenalice.com/game.php?id=1550716"]
[Date "2018.11.26"]
[Round "2"]
[White "Wefferson44"]
[Black "Canaye"]
[Result "1-0"]
[WhiteElo "1938"]
[BlackElo "1794"]

1. e4 e6 2. Bc4 d5 3. exd5 exd5 4. Bb3 Nf6 5. d3 c5 6. Nf3 Nc6 7. O-O Bd6 8.
Re1+ Be6 9. Bg5 h6 10. Bxf6 Qxf6 11. Bxd5 O-O 12. Bxe6 fxe6 13. Nc3 Rae8 14. Ne4
Qd8 15. a4 Be7 16. Qd2 b6 17. c3 Bd6 18. d4 Rxf3 19. gxf3 Bc7 20. Kh1 Qh4 21.
Ng3 Bf4 22. Qd3 e5 23. Qb5 Qf6 24. d5 1-0

[Event "AUTO-ADV-4052"]
[Site "http://www.queenalice.com/game.php?id=1550717"]
[Date "2018.11.26"]
[Round "2"]
[White "Canaye"]
[Black "Wefferson44"]
[Result "0-1"]
[WhiteElo "1761"]
[BlackElo "1948"]

1. d4 e6 2. c4 Nc6 3. Nc3 Nf6 4. e4 Bb4 5. Nf3 Bxc3+ 6. bxc3 Nxe4 7. Qc2 d5 8.
Bd3 Nf6 9. cxd5 exd5 10. Ba3 Bg4 11. Ne5 Nxe5 12. dxe5 Nd7 13. O-O Nxe5 14. Rfe1
Qg5 15. Qb3 O-O-O 16. Rab1 b6 17. Ba6+ Kb8 18. Bc1 Qf5 19. Be3 Nf3+ 20. gxf3
Bxf3 21. Rec1 Qh3 22. Bf1 Qg4+ 23. Bg2 Qxg2# 0-1

[Event "Challenge"]
[Site "http://www.queenalice.com/game.php?id=1565434"]
[Date "2019.3.25"]
[Round "-"]
[White "Rommel"]
[Black "Wefferson44"]
[Result "1-0"]
[WhiteElo "2021"]
[BlackElo "1988"]

1. e4 e5 2. f4 exf4 3. Nf3 Nc6 4. Bc4 Bc5 5. d4 Bb4+ 6. c3 Ba5 7. Bxf4 h6 8. h3
Nf6 9. Nbd2 d6 10. O-O g5 11. Bg3 g4 12. hxg4 Bxg4 13. Bh4 h5 14. Qb3 Bb6 15.
Bxf7+ Ke7 16. Bxf6+ Kxf6 17. Ne5+ Kg7 18. Nxc6 bxc6 19. Nf3 h4 20. Nh2 Bd7 21.
Rf2 Qe7 22. Qc2 c5 23. e5 cxd4 24. Qg6+ 1-0

[Event "AUTO-ADV-4060"]
[Site "http://www.queenalice.com/game.php?id=1565994"]
[Date "2019.3.30"]
[Round "2"]
[White "fabricioprado"]
[Black "Wefferson44"]
[Result "0-1"]
[WhiteElo "1617"]
[BlackElo "1986"]

1. e4 e5 2. Nf3 Nc6 3. Bc4 Bc5 4. O-O d6 5. c3 g5 6. d4 exd4 7. cxd4 Bb6 8. Bxg5
f6 9. Bh4 Bg4 10. h3 Bh5 11. g4 Bg6 12. Bxg8 Rxg8 13. Nc3 h5 14. Nh2 hxg4 15.
hxg4 Bxd4 16. Qf3 Qe7 17. Nd5 Qh7 18. Bxf6 Rf8 19. Nxc7+ Qxc7 20. Qf5 Bxf5 0-1

[Event "AUTO-ADV-4060"]
[Site "http://www.queenalice.com/game.php?id=1565995"]
[Date "2019.3.30"]
[Round "2"]
[White "Wefferson44"]
[Black "fabricioprado"]
[Result "1-0"]
[WhiteElo "1984"]
[BlackElo "1627"]

1. e4 e5 2. Bc4 Nf6 3. d3 Bc5 4. Nc3 c6 5. Qf3 O-O 6. h3 d6 7. g4 b5 8. Bb3 a5
9. a3 Bb7 10. g5 Nfd7 11. h4 Re8 12. g6 hxg6 13. Qxf7+ Kh8 14. Qxg6 Qf6 15. Qh5+
1-0

[Event "AUTO-ADV-4060"]
[Site "http://www.queenalice.com/game.php?id=1565996"]
[Date "2019.3.30"]
[Round "2"]
[White "agilulfo"]
[Black "Wefferson44"]
[Result "1-0"]
[WhiteElo "1982"]
[BlackElo "1964"]

1. d4 e6 2. c4 c5 3. d5 e5 4. e4 Nf6 5. Bg5 h6 6. Bh4 g5 7. Bg3 Nxe4 8. Bxe5 Qe7
9. Nf3 Rg8 10. Bd3 g4 11. Bxe4 gxf3 12. Qxf3 Qxe5 13. Nc3 d6 14. O-O Qg5 15.
Rfe1 Be7 16. Nb5 Na6 17. Re3 f5 18. Bxf5 Bxf5 19. Nxd6+ Kd7 20. Nxf5 Raf8 21.
Rxe7+ Qxe7 22. Nxe7 Rxf3 23. Nxg8 Rf4 24. b3 h5 25. Re1 Rf8 26. Re7+ Kd8 27.
Rxb7 Rxg8 28. Rxa7 Nb8 29. h4 Re8 30. Kf1 Re4 31. g3 Rd4 32. Ke2 Nd7 33. a4 Ne5
34. a5 Nxc4 35. bxc4 Rxc4 36. Kd3 Rd4+ 37. Kc3 Rxd5 38. Rh7 Kc8 39. Kc4 Rd2 40.
Kxc5 Rxf2 41. Rxh5 Kb7 42. Kb5 Rb2+ 43. Kc4 Ka6 44. Kd4 Rb4+ 45. Ke3 Rb3+ 46.
Kf4 Rb4+ 47. Kg5 Kxa5 48. Kf6+ Kb6 49. Re5 Rg4 50. Rg5 Rc4 51. h5 Rc6+ 52. Kf5
Kc7 53. Rg6 Rc5+ 54. Kg4 Kd8 55. h6 Rc4+ 56. Kh3 1-0

[Event "AUTO-ADV-4060"]
[Site "http://www.queenalice.com/game.php?id=1565997"]
[Date "2019.3.30"]
[Round "2"]
[White "Wefferson44"]
[Black "agilulfo"]
[Result "0-1"]
[WhiteElo "1983"]
[BlackElo "1911"]

1. e4 c5 2. Bc4 d6 3. Nc3 Nf6 4. d3 g6 5. Nf3 Bg7 6. Ng5 e6 7. Be3 O-O 8. h4
Nbd7 9. f4 a6 10. a3 b5 11. Bb3 Nh5 12. g4 Nhf6 13. h5 Re8 14. hxg6 hxg6 15. f5
Ne5 16. fxe6 Bxe6 17. Nxe6 fxe6 18. Qe2 Nexg4 19. Bg5 Qb6 20. Rg1 c4 21. Kd2
cxb3 22. cxb3 Rf8 23. Rxg4 Nxg4 24. Qxg4 Rf2+ 25. Ne2 Bxb2 26. Qxe6+ Kg7 27.
Qe7+ Rf7 28. Bh6+ Kxh6 29. Rh1+ Kg7 30. Qh4 Raf8 31. Qh6+ Kf6 32. Rf1+ Ke7 0-1

[Event "AUTO-MASTER-2845"]
[Site "http://www.queenalice.com/game.php?id=1570792"]
[Date "2019.5.13"]
[Round "1"]
[White "Anusha"]
[Black "Wefferson44"]
[Result "1-0"]
[WhiteElo "2129"]
[BlackElo "1975"]

1. d4 e6 2. Nf3 Nc6 3. Bf4 Nf6 4. e3 d5 5. Bd3 h6 6. Nbd2 g5 7. Bg3 b6 8. Bb5
Bb7 9. Ne5 Nd7 10. Bxc6 Bxc6 11. Nxc6 Qc8 12. O-O h5 13. Ne5 h4 14. Qf3 Rh7 15.
Nxd7 hxg3 16. Nf6+ 1-0

[Event "AUTO-MASTER-2845"]
[Site "http://www.queenalice.com/game.php?id=1570793"]
[Date "2019.5.13"]
[Round "1"]
[White "Wefferson44"]
[Black "Anusha"]
[Result "0-1"]
[WhiteElo "1993"]
[BlackElo "2149"]

1. e4 e6 2. Nf3 d5 3. e5 c5 4. d4 Bd7 5. Nc3 Nc6 6. Bd3 cxd4 7. Ne2 Bc5 8. a3
Nge7 9. b4 Bb6 10. b5 Na5 11. Nexd4 Qc7 12. Bb2 Nc4 13. Bxc4 Qxc4 14. a4 O-O 15.
Qd3 Qc7 16. O-O Ng6 17. Rfe1 Rac8 18. Ba3 Bc5 19. Bb2 Bb4 20. Re2 Nf4 21. Qe3
Nxe2+ 22. Qxe2 Bc3 23. Rb1 Bxb2 24. Rxb2 h6 25. Qd2 Qc3 26. Qc1 Rc4 27. Rb3 Qa5
28. Ra3 Rfc8 29. h3 Rxa4 30. Nb3 Qxb5 31. Nfd4 Qb4 32. Rxa4 Qxa4 33. f4 Qc4 34.
g4 Ba4 35. f5 Bxb3 36. Nxb3 Qxb3 0-1

[Event "AUTO-MASTER-2845"]
[Site "http://www.queenalice.com/game.php?id=1570806"]
[Date "2019.5.13"]
[Round "1"]
[White "Wefferson44"]
[Black "Taura10"]
[Result "1-0"]
[WhiteElo "1978"]
[BlackElo "2029"]

1. e4 c5 2. Bc4 a6 3. Nf3 e6 4. Nc3 Nc6 5. d3 b5 6. Bxb5 axb5 7. Nxb5 Ba6 8. Nc3
Be7 9. O-O d6 10. Re1 Qb8 11. e5 d5 12. b3 d4 13. Ne4 Qc7 14. Bb2 Nh6 15. Bc1
Nf5 16. g4 Nh4 17. Nxh4 Bxh4 18. Nd6+ Kf8 19. Qf3 Rd8 20. g5 Nb4 21. Re2 Nd5 22.
Qg4 Nc3 23. Re1 Bxf2+ 24. Kxf2 g6 25. h4 Nb5 26. Nxb5 Bxb5 27. h5 Kg7 28. Qf3
Rhf8 29. Qf6+ 1-0

[Event "AUTO-MASTER-2845"]
[Site "http://www.queenalice.com/game.php?id=1570807"]
[Date "2019.5.13"]
[Round "1"]
[White "Taura10"]
[Black "Wefferson44"]
[Result "1-0"]
[WhiteElo "2019"]
[BlackElo "2000"]

1. d4 e6 2. c4 Bb4+ 3. Bd2 Bxd2+ 4. Qxd2 Nf6 5. d5 exd5 6. cxd5 O-O 7. Nc3 d6 8.
e3 Bf5 9. Nf3 Nbd7 10. Be2 Nc5 11. Nd4 Bg6 12. b4 Nce4 13. Nxe4 Bxe4 14. Nf3
Bxd5 15. O-O a6 16. a3 Bc6 17. Qb2 b5 18. Nd4 Bb7 19. Rac1 Ne4 20. Bf3 d5 21.
Bxe4 dxe4 22. Nf5 f6 23. Qe2 g6 24. Nd4 Qe7 25. Rc5 f5 26. Qa2+ Qf7 27. Qc2 Rac8
28. a4 Bd5 29. axb5 axb5 30. Nxb5 c6 31. Nd6 Qa7 32. Nxc8 Rxc8 33. Rxd5 Qb6 34.
Rd4 Rf8 35. Qc4+ Kg7 36. Rd7+ Kh6 37. Qc5 1-0

[Event "AUTO-MASTER-2845"]
[Site "http://www.queenalice.com/game.php?id=1570808"]
[Date "2019.5.13"]
[Round "1"]
[White "Wefferson44"]
[Black "leeroy1"]
[Result "0-1"]
[WhiteElo "1942"]
[BlackElo "2176"]

1. e4 g6 2. Bc4 e6 3. d4 Bg7 4. e5 d5 5. exd6 Qxd6 6. Nf3 Nc6 7. Be3 Nge7 8. Nc3
a6 9. O-O Na5 10. Bb3 Nxb3 11. axb3 b5 12. Ne4 Qd5 13. Nc5 O-O 14. c3 Nf5 15.
Bf4 Nd6 16. Be5 f6 17. Bg3 Ra7 18. b4 Ne4 19. Nxe4 Qxe4 20. Nd2 Qc6 21. Nb3 Rd8
22. Qe2 Bb7 23. f3 Bf8 24. Bh4 Be7 25. Nc5 Bxc5 26. dxc5 g5 27. Bg3 e5 28. Rad1
Raa8 29. h4 h6 30. Bh2 Qe8 31. hxg5 hxg5 32. Qc2 Kg7 33. Rde1 Qh5 34. Qf5 Bc8
35. Qe4 Rb8 36. Bxe5 fxe5 37. Qxe5+ Kg8 38. Qxc7 Bf5 39. Re7 Re8 40. g4 Bxg4 41.
fxg4 Qxg4+ 42. Kf2 Rf8+ 43. Ke1 Rxf1+ 44. Kxf1 Rf8+ 45. Ke1 Qg1+ 46. Kd2 Rf2+
47. Re2 Rf7 48. Re8+ Rf8 49. Rxf8+ Kxf8 50. Qc8+ Kf7 51. Qxa6 Qb1 52. c6 Qxb2+
53. Kd3 Qb1+ 54. Kd4 Qg1+ 55. Kd5 Qg2+ 56. Kd6 Qd2+ 57. Kc7 Qxc3 58. Qxb5 Ke8
59. Qb8+ Kf7 0-1

[Event "AUTO-MASTER-2845"]
[Site "http://www.queenalice.com/game.php?id=1570809"]
[Date "2019.5.13"]
[Round "1"]
[White "leeroy1"]
[Black "Wefferson44"]
[Result "1-0"]
[WhiteElo "2171"]
[BlackElo "1949"]

1. e4 e5 2. Qh5 d6 3. Qf3 Nf6 4. h3 Nc6 5. Bb5 a6 6. Bxc6+ bxc6 7. d3 h6 8. Nc3
d5 9. a3 d4 10. Nce2 a5 11. Ng3 Ba6 12. Nf5 c5 13. Bd2 a4 14. Qg3 g6 15. Qxe5+
Be7 16. Nxe7 Qxe7 17. Qxe7+ Kxe7 18. Bf4 c6 19. Be5 Ke6 20. Nf3 Rhg8 21. O-O g5
22. Bxf6 Kxf6 23. e5+ Ke6 24. Rfe1 g4 25. hxg4 Rxg4 26. Nh2 Rg7 27. Nf3 Rh8 28.
Re4 Bc8 29. g3 Kd5 30. Nh4 h5 31. c3 Ba6 32. c4+ Bxc4 33. Rae1 Bxd3 34. Rf4 Kc4
35. Rc1+ Kd5 36. Kh2 c4 37. Nf3 c5 38. Rf6 Be2 39. Rd6+ Ke4 40. Nd2+ Kxe5 41.
Rd7 Ke6 42. Ra7 Rb8 43. Re1 d3 44. Nxc4 Kd5 45. Ne3+ Ke4 46. Rxa4+ Ke5 47. f4+
Kf6 48. Ra6+ Ke7 49. Ra7+ Kf8 50. Nc4 Rg6 51. Rb1 Re6 52. Ne5 Rd8 53. Rd7 Ree8
54. Rxd8 Rxd8 55. Nxd3 Rxd3 56. Rc1 Rd5 57. a4 c4 58. Ra1 Rd2 59. a5 Rxb2 60. a6
Rb8 61. a7 Ra8 62. Kg2 1-0

[Event "AUTO-ADV-4177"]
[Site "http://www.queenalice.com/game.php?id=1570910"]
[Date "2019.5.14"]
[Round "1"]
[White "Erlofabr"]
[Black "Wefferson44"]
[Result "0-1"]
[WhiteElo "1782"]
[BlackElo "1969"]

1. d4 e6 2. c4 Nf6 3. Nc3 Nc6 4. d5 Ne5 5. e4 Bb4 6. Bd2 Bc5 7. Bf4 Ng6 8. Nb5
Nxf4 9. Qd2 Ng6 10. b4 Be7 11. Bd3 Ne5 12. Be2 c6 13. dxc6 bxc6 14. Nd4 c5 15.
Nb5 O-O 16. Qf4 Ng6 17. Qf3 Bb7 18. Bd3 a6 19. Nc3 cxb4 20. Na4 Bc6 21. Nb2 a5
22. a3 d5 23. cxd5 exd5 24. e5 Nxe5 25. Qg3 Re8 26. Ne2 Bd6 27. h3 Nc4 28. Qf3
Nxb2 29. O-O Nxd3 30. Qxd3 Ne4 31. Nd4 Bd7 32. Nf3 Qf6 33. Qxd5 Bxh3 34. Rfe1
Rad8 35. gxh3 Bh2+ 36. Nxh2 Qxf2+ 37. Kh1 Ng3# 0-1

[Event "AUTO-ADV-4177"]
[Site "http://www.queenalice.com/game.php?id=1570911"]
[Date "2019.5.14"]
[Round "1"]
[White "Wefferson44"]
[Black "Erlofabr"]
[Result "1-0"]
[WhiteElo "1973"]
[BlackElo "1807"]

1. e4 e5 2. Bc4 Nf6 3. d3 Bc5 4. Nc3 d5 5. Nxd5 Ng4 6. Nh3 Qh4 7. O-O Bxf2+ 8.
Kh1 Nxh2 9. Nxc7+ Kf8 10. Rxf2 Qg3 11. Rxf7+ Kg8 12. Rf3+ Be6 13. Bxe6# 1-0

[Event "AUTO-ADV-4177"]
[Site "http://www.queenalice.com/game.php?id=1570924"]
[Date "2019.5.14"]
[Round "1"]
[White "E5150"]
[Black "Wefferson44"]
[Result "1-0"]
[WhiteElo "2167"]
[BlackElo "1985"]

1. e4 e5 2. Nf3 Qf6 3. Nc3 c6 4. Bc4 Bc5 5. O-O h6 6. d4 exd4 7. e5 Qg6 8. Nh4
Qh7 9. Qf3 g5 10. Ne4 Bb6 11. Nd6+ Kd8 12. Nxf7+ Kc7 13. e6 dxe6 14. Qg3+ Kd7
15. Qd6+ Ke8 16. Nxh8 Bc7 17. Qxd4 gxh4 18. Bd3 Qd7 19. Bg6+ Kf8 20. Qxh4 Qg7
21. Rd1 Nd7 22. Bf4 e5 23. Be3 Qxh8 24. Rd6 Qg7 25. Re6 Ndf6 26. Bc5+ Ne7 27.
Bxe7+ Qxe7 28. Qxh6+ Qg7 29. Rxf6+ 1-0

[Event "AUTO-ADV-4177"]
[Site "http://www.queenalice.com/game.php?id=1570925"]
[Date "2019.5.14"]
[Round "1"]
[White "Wefferson44"]
[Black "E5150"]
[Result "0-1"]
[WhiteElo "1996"]
[BlackElo "2160"]

1. e4 e6 2. d4 d5 3. e5 c5 4. Nf3 cxd4 5. Nxd4 Ne7 6. Nc3 Nbc6 7. Nf3 Ng6 8. Bb5
Bd7 9. Qe2 a6 10. Bd3 Bc5 11. Bd2 O-O 12. Bxg6 fxg6 13. h4 Rf5 14. g4 Rf8 15.
Na4 Nd4 16. Nxd4 Bxd4 17. Nc3 Bxf2+ 18. Kd1 Rc8 19. Bg5 Qb6 20. b3 Rxc3 21. h5
Bd4 22. Rb1 Rf2 23. Qe1 Qc5 24. Rc1 Be3 25. Bxe3 Rxe3 26. Qxf2 Qd4+ 0-1

[Event "AUTO-ADV-4177"]
[Site "http://www.queenalice.com/game.php?id=1570934"]
[Date "2019.5.14"]
[Round "1"]
[White "Wefferson44"]
[Black "rubenov"]
[Result "1-0"]
[WhiteElo "1987"]
[BlackElo "1913"]

1. e4 e5 2. Bc4 d6 3. Nf3 Be7 4. d3 Nc6 5. Nc3 Nf6 6. h3 O-O 7. g4 a6 8. Nd5
Nxd5 9. Bxd5 Qd7 10. g5 Nb4 11. Bb3 Kh8 12. Bd2 Nc6 13. a3 f5 14. Qe2 f4 15. h4
Nd8 16. h5 b5 17. O-O-O Nc6 18. Bd5 Rb8 19. Rdg1 Bd8 20. Nh4 Nd4 21. Qf1 f3 22.
Kb1 c6 23. Ba2 c5 24. g6 h6 25. Bxh6 b4 26. Bxg7+ Kxg7 27. Nf5+ Nxf5 28. exf5
Qxf5 29. h6+ Kh8 30. g7+ Kh7 31. gxf8=Q 1-0

[Event "AUTO-ADV-4177"]
[Site "http://www.queenalice.com/game.php?id=1570935"]
[Date "2019.5.14"]
[Round "1"]
[White "rubenov"]
[Black "Wefferson44"]
[Result "0-1"]
[WhiteElo "2001"]
[BlackElo "1976"]

1. d4 e6 2. e4 Nf6 3. Nc3 Bb4 4. Bd2 Bxc3 5. bxc3 Nxe4 6. Bd3 f5 7. Bxe4 fxe4 8.
Qg4 O-O 9. Qxe4 d5 10. Qd3 b6 11. Nf3 Nd7 12. O-O Nf6 13. Ne5 Ne4 14. Be3 c5 15.
c4 Ba6 16. dxc5 Qc7 17. f4 bxc5 18. Kh1 Rad8 19. Qa3 Bc8 20. cxd5 exd5 21. c3 d4
22. cxd4 cxd4 23. Qb3+ Kh8 24. Rfc1 Qb7 25. Qxb7 Bxb7 26. Bg1 Rxf4 27. Rc7 Nd6
28. Rd1 Bd5 29. Rxa7 Nb5 30. Rd7 Rxd7 31. Nxd7 Bxa2 32. Ra1 Nc3 33. g3 Bd5# 0-1